|
|
|
|
| LEADER |
00710nam a22002051a 4500 |
| 001 |
c000362899 |
| 003 |
CARM |
| 005 |
20010322230553.0 |
| 008 |
851113s1949 fr 1 fre d |
| 019 |
1 |
|
|a 23741115
|z 4149538
|z 55549372
|5 LACONCORD2021
|
| 035 |
|
|
|a (OCoLC)3193759
|5 LACONCORD2021
|
| 040 |
|
|
|a NUN
|b eng
|c NUN
|d ANL
|
| 082 |
0 |
4 |
|a 843.9
|
| 100 |
1 |
|
|a Giono, Jean,
|d 1895-1970.
|
| 245 |
1 |
0 |
|a Mort d'un personnage.
|
| 260 |
|
|
|a Paris :
|b Grasset,
|c 1949.
|
| 300 |
|
|
|a 183 p.
|
| 852 |
8 |
|
|b CARM
|h A2:AQ12G0
|i A04121
|p 0346881
|f BK
|
| 999 |
f |
f |
|i 3ebdc4c2-b750-5e60-a2c7-b58de8963025
|s ff2dfa9c-b4bb-5431-9ba6-e4deef2cf45a
|
| 952 |
f |
f |
|p Can circulate
|a CAVAL
|b CAVAL
|c CAVAL
|d CARM 1 Store
|e A04121
|f A2:AQ12G0
|h Other scheme
|i book
|m 0346881
|